Probability and statistics for computer science (Record no. 11783)

000 -LEADER
fixed length control field 01221cam a2200301 a 4500
001 - CONTROL NUMBER
control field 16843615
005 - DATE AND TIME OF LATEST TRANSACTION
control field 20170105102348.0
008 - FIXED-LENGTH DATA ELEMENTS--GENERAL INFORMATION
fixed length control field 110625s2008 njua b 001 0 eng
010 ## - LIBRARY OF CONGRESS CONTROL NUMBER
LC control number 2011287084
020 ## - INTERNATIONAL STANDARD BOOK NUMBER
International Standard Book Number 9780470383421
040 ## - CATALOGING SOURCE
Original cataloging agency DLC
Transcribing agency DLC
Modifying agency DLC
042 ## - AUTHENTICATION CODE
Authentication code pcc
082 ## - DEWEY DECIMAL CLASSIFICATION NUMBER
Classification number 004.0151
100 1# - MAIN ENTRY--PERSONAL NAME
Personal name Johnson, James L.
Fuller form of name (James Lee),
Dates associated with a name 1942-
245 10 - TITLE STATEMENT
Title Probability and statistics for computer science
Statement of responsibility, etc. James L. Johnson
260 ## - PUBLICATION, DISTRIBUTION, ETC.
Place of publication, distribution, etc. Hoboken, NJ :
Name of publisher, distributor, etc. Wiley Interscience,
Date of publication, distribution, etc. c2008.
300 ## - PHYSICAL DESCRIPTION
Extent xvi, 744 p. :
Other physical details ill. ;
Dimensions 25 cm.
504 ## - BIBLIOGRAPHY, ETC. NOTE
Bibliography, etc. note Includes bibliographical references (p. 733-738) and index.
650 #0 - SUBJECT ADDED ENTRY--TOPICAL TERM
Topical term or geographic name entry element Computer science
General subdivision Mathematics.
650 #0 - SUBJECT ADDED ENTRY--TOPICAL TERM
Topical term or geographic name entry element Probabilities.
650 #0 - SUBJECT ADDED ENTRY--TOPICAL TERM
Topical term or geographic name entry element Mathematical statistics
General subdivision Data processing.
856 42 - ELECTRONIC LOCATION AND ACCESS
Materials specified Contributor biographical information
Uniform Resource Identifier <a href="http://www.loc.gov/catdir/enhancements/fy1114/2011287084-b.html">http://www.loc.gov/catdir/enhancements/fy1114/2011287084-b.html</a>
856 42 - ELECTRONIC LOCATION AND ACCESS
Materials specified Publisher description
Uniform Resource Identifier <a href="http://www.loc.gov/catdir/enhancements/fy1114/2011287084-d.html">http://www.loc.gov/catdir/enhancements/fy1114/2011287084-d.html</a>
856 41 - ELECTRONIC LOCATION AND ACCESS
Materials specified Table of contents only
Uniform Resource Identifier <a href="http://www.loc.gov/catdir/enhancements/fy1114/2011287084-t.html">http://www.loc.gov/catdir/enhancements/fy1114/2011287084-t.html</a>
906 ## - LOCAL DATA ELEMENT F, LDF (RLIN)
a 7
b cbc
c origcop
d 2
e ncip
f 20
g y-gencatlg
942 ## - ADDED ENTRY ELEMENTS (KOHA)
Source of classification or shelving scheme
Koha item type Book
Holdings
Withdrawn status Lost status Damaged status Not for loan Collection code Permanent Location Current Location Shelving location Date acquired Source of acquisition Cost, normal purchase price Total Checkouts Full call number Barcode Date last seen Date last checked out Price effective from Koha item type
          Central Library (CL) Central Library (CL) First Floor - Computer Science 04/09/2013 Multi-Line Books 8650.59 1 004.0151 JOH SEECS012193 08/22/2025 04/15/2015 04/18/2013 Book
© 2023 Central Library, National University of Sciences and Technology. All Rights Reserved.